| 000 | aam a22 a 4500 | ||
|---|---|---|---|
| 999 |
_c3982 _d3982 |
||
| 003 | AKMAL | ||
| 005 | 20170524143232.0 | ||
| 008 | 170524s1976 us 00 eng d | ||
| 020 | _a0278420230 | ||
| 082 | 0 | 4 | _a780 CHO |
| 090 | 1 | 0 |
_a780 _bCHO |
| 245 | 0 | 0 |
_aExpressing music / _cRobert A. Choate ... (et al.) |
| 260 |
_aNew York : _bAmerican Book, _c1976 |
||
| 300 | 0 | 0 |
_av, 201p. : _bill. (some col.) ; _c25cm |
| 500 | _aIndex: p.198-201 | ||
| 650 | 0 |
_aMusic _97814 |
|
| 700 | 1 |
_aChoate, Robert A. _97815 |
|
| 942 |
_2ddc _cBOOK |
||